Computer organization : a text book for IV sem. BE according to VTU syllabus, CSE, ISE, EE, EC, IT, TC, BM and ML (Record no. 179148)

MARC details
000 -LEADER
fixed length control field 00583nam a2200169Ia 4500
008 - FIXED-LENGTH DATA ELEMENTS--GENERAL INFORMATION
fixed length control field 231217s9999 xx 000 0 und d
041 ## - LANGUAGE CODE
Language code of text/sound track or separate title English
082 ## - DEWEY DECIMAL CLASSIFICATION NUMBER
Classification number 621.381952 KRI;30
100 ## - MAIN ENTRY--PERSONAL NAME
Personal name Krishnananda, L
245 #0 - TITLE STATEMENT
Title Computer organization : a text book for IV sem. BE according to VTU syllabus, CSE, ISE, EE, EC, IT, TC, BM and ML
250 ## - EDITION STATEMENT
Edition statement 2nd ed.
260 ## - PUBLICATION, DISTRIBUTION, ETC.
Date of publication, distribution, etc. 2005
Name of publisher, distributor, etc. Elite Publishers
Place of publication, distribution, etc. Mangalore
300 ## - PHYSICAL DESCRIPTION
Extent xi+402
500 ## - GENERAL NOTE
General note Content page available
650 ## - SUBJECT ADDED ENTRY--TOPICAL TERM
Topical term or geographic name entry element Computer,organization,:,sem.,BE,according,syllabus,,CSE,,ISE,,EE,,EC,,IT,,TC,,ML
942 ## - ADDED ENTRY ELEMENTS (KOHA)
Koha item type Books
Holdings
Date last seen Total checkouts Full call number Accession number Price effective from Category Lost status Damaged status Department Withdrawn status Home library Current library Shelving location Entry date Vendor Grants Billdate Currency symbol Conversion rate Discount Old discount
26/01/2024   621.381952 KRI;30 45172 26/01/2024 Books     CS   Central Library Central Library CS 20/06/2007 Publisher CS 17/09/2008 RS 1    

© For any Suggestions or Query, please contact the library staff @ librarian@pes.edu or Phone: +9180 2672 1983/ 2108.